000 00240nam a22000977a 4500
008 160512b xxu||||| |||| 00| 0 eng d
041 _aeng
080 _a579
245 _aMikrobiologjia ushqimore dhe higjiena:
_cKristaq Sini;
942 _2udc
_cBK
999 _c2089
_d2089